000 00620nam a2200253 a 4500
001 nice12345678
003 IN_TiNIC
005 20260116011813.0
008 050524s1938 jaba grp 000 0 eng
020 _a
_c14
082 0 0 _a275.4
_bPIC
100 _aPickett, J W
245 _aChristian Missions in Mid India
260 _aJabalpur
_bMission Press
_c1938
300 _a111p
500 _aincludes index and biblioraphy
505 2 _acisrs social research series no.11
650 _aChurch-India
700 1 _aD A Mcgavrans
700 1 _aG H Singh
902 _bSRS
942 _cBK
999 _c4086
_d4086